000 00266nam a2200109Ia 4500
005 20251222120856.0
008 251222s1900||||xx |||||||||||||| ||spa||
082 _aDVD0111 B94/1993
245 0 _aEl extraño mundo de Jack
264 _bTouchstone Pictures
942 _cDVD
999 _c2418
_d2418